Music Quiz

Random Music or Kpop Quiz

K-pop Groups by Picture Quiz Stats

 Plays Quiz Updated Apr 23, 2019

Score 0/30 Timer 05:00
64 Plays Today
Number Groups % Correct
3SNSD
94.2%
4Big Bang
92%
2Super Junior
89.7%
6SHINee
87.1%
122NE1
86.2%
1DBSK
74.1%
92PM
72.7%
7f(x)
69.9%
102AM
66.2%
174Minute
60.1%
8Wonder Girls
59.8%
14Beast
59.7%
11Kara
59.7%
20Miss A
59.2%
19Sistar
59.2%
Number Groups % Correct
21T-Ara
59%
18After School
57.8%
16CN Blue
54.8%
13MBLAQ
53.1%
27Infinite
48%
26Secret
46.3%
15FT Island
44%
29Teen Top
41.5%
25U-Kiss
39.6%
22Brown Eyed Girls
39%
5SS501
33.9%
28ZE:A
31.7%
24Rainbow
29.6%
23Co-Ed
23.6%
30F.Cuz
13.5%

You're not logged in!

Compare scores with friends on all Sporcle quizzes.
OR
Log In

You Might Also Like...

Show Comments

Extras

Top Quizzes Today


Score Distribution

Your Account Isn't Verified!

In order to create a playlist on Sporcle, you need to verify the email address you used during registration. Go to your Sporcle Settings to finish the process.

Report this User

Report this user for behavior that violates our Community Guidelines.

Details: